000 00679nam a2200229Ii 4500
003 JO-AjNU
008 230605s9999||||xx |||||||||||||| ||und||
017 _a1977/4403
020 _a7259-45-X
040 _aJO-AjNU
_bara
_erda
_cJO-AjNU
041 _aara
050 1 4 _aLB1025.2.M3762 1985
100 3 _aمرسي،محمد منير,
_eauthor
_98501
245 0 0 _aأصول التربية الثقافية والفلسفية
250 _aط2
264 3 1 _aالقاهرة:عالم الكتب،1985
300 _a288ص
336 _atext
_btxt
_2rdacontent
337 _aunmediated
_bn
_2rdamedia
338 _avolume
_bnc
_2rdacarrier
650 4 _aتربية-فلسفة
_98502
999 _aA821
_c4389
_d4389